000 00338nam a22001457a 4500
008 210521b ||||| |||| 00| 0 eng d
020 _a9780323019903
041 _aeng
080 _a610.73
082 _a610.73
100 _a1
101 _aINF
245 _aGerontologic Palliative Care Nursing
_cMarianne L. Matzo
942 _2udc
_cBK
999 _c57602
_d57602